000 01001nam a22002057a 4500
003 BPGM
008 260624b1989 mx ||||| |||| 001 0 spa d
020 _a968-6140-37-9
040 _aBPGM
_bspa
041 _aspa
_hspa
082 0 4 _aCQ / 863M /
_bB364 / C57 /
100 _aBARRIENTOS, JAVIER
245 _aEL CIRCO DE DOS PISTAS
300 _a68 páginas
_c21.1 cm x 13.6 cm
336 _2rdacontent
_atexto
_btxt
337 _2rdamedia
_asin mediación
_bn
338 _2rdacarrier
_avolumen
_bnc
505 _a"EL CIRCO DE DOS PISTAS" (O "EL CIRCO DE TRES PISTAS", DEPENDIENDO DE LA EDICIÓN O ENFOQUE DE LA ANALOGÍA) ES UNA DE LAS OBRAS MÁS DESTACADAS DEL ESCRITOR, ABOGADO Y JURISTA CHILENO JAVIER BARRIENTOS GRANDON. A DIFERENCIA DE LO QUE PODRÍA SUGERIR EL TÍTULO, NO ES UNA NOVELA DE FICCIÓN NI UNA HISTORIA INFANTIL; ES UN ENSAYO CRÍTICO E HISTORIOGRÁFICO PROFUNDO SOBRE LA EVOLUCIÓN DEL DERECHO, LA JUSTICIA Y LAS INSTITUCIONES JURÍDICAS EN HISPANOAMÉRICA.
942 _2ddc
_cCOLQ
999 _c68662
_d68662